| 000 | 00000nas 2200000zi 4500 |
| 001 | 9.939901 |
| 003 | CaOODSP |
| 005 | 20240628094329 |
| 006 | m o d f |
| 007 | cr ||||||||||| |
| 008 | 240626d20022003qucar p o f0###b0fre|d |
| 040 | |aCaOODSP|bfre|erda|cCaOODSP |
| 043 | |an-cn--- |
| 086 | 1 |aEn55-9F-PDF |
| 110 | 2 |aCentre canadien de météorologie (Downsview, Ont.)|eauteur,|eorganisme de publication. |
| 245 | 10|aCentre météorologique canadien : |brevue de l'année. |
| 264 | 1|a[Dorval, Québec] : |bCentre météorologique canadien. |
| 310 | |aAnnuel |
| 336 | |atexte|btxt|2rdacontent/fre |
| 337 | |ainformatique|bc|2rdamedia/fre |
| 338 | |aressource en ligne|bcr|2rdacarrier/fre |
| 500 | |aPublié aussi en anglais sous le titre : Canadian Meteorological Centre ... annual review. |
| 588 | |aDescription d'après : 2002. |
| 588 | |aDernière livraison consultée : 2003. |
| 610 | 26|aCentre canadien de météorologie (Downsview, Ont.)|vPériodiques. |
| 650 | 6|aServices météorologiques|zCanada|vPériodiques. |
| 655 | 7|aPériodiques|2rvmgf |
| 710 | 1 |aCanada. |bEnvironnement Canada, |eorganisme de publication. |
| 775 | 08|tCanadian Meteorological Centre ... annual review.|w(CaOODSP)9.939852 |